Los límites del imperialismo americano: Eric Hobsbawm en Chile

Salvato in:
Dettagli Bibliografici
Natura: Libro
Lingua:spagnolo
Pubblicazione: Santiago, Chile LOM 2005
Soggetti:
Tags: Aggiungi Tag
Nessun Tag, puoi essere il primo ad aggiungerne!!

MARC

LEADER 00000nam a2200000 a 4500
001 UCJ0075
003 CL-VaPUC
005 20220902120711.0
008 060623e20050000CL |||||||||||||||||spa|d
999 |c 317060  |d 317058 
020 |a 9562996883 
040 |c Pontificia Universidad Católica de Valparaíso 
082 0 4 |a 909.83 LIM 2005  |2 21 
245 1 4 |a Los límites del imperialismo americano:  |b  Eric Hobsbawm en Chile 
260 |a Santiago, Chile  |b LOM  |c 2005 
300 |a 156 páginas 
583 |a last modification  |c 20130305 01:17:22  |k Rodrigo Vera 
600 0 |a Hobsbawm, Eric   |e prefacio  |9 500134 
650 0 |a Historia contemporánea  |9 343224 
650 0 |a Historia siglo 21  |9 337744 
942 |c BK  |2 ddc 
945 |d 20060623 00:00:00  |a jtorresc 
952 |0 0  |1 0  |2 ddc  |4 0  |6 909_830000000000000_LIM_2005  |7 0  |8 A  |9 392807  |a BIBHIS  |b BIBHIS  |d 2019-11-22  |i 4234626  |l 1  |o 909.83 LIM 2005  |p 4234626  |r 2025-01-20  |s 2024-06-17  |t 1  |w 2019-11-22  |y BK  |k HIS